000 00844nam a2200253Ia 4500
003 OSt
005 20220927110421.0
006 a|||||r|||| 00| 0
007 ta
008 220926b |||||||| |||| 00| 0 eng d
024 _a76147
037 _cReports
040 _aRTL
_cRTL
_beng
041 _2eng
_aeng
082 _a"X723.4498.N56t, GD"
110 _a"Ceylon. Tenure of land of vihargam, dewalagam and nindagam(commission on-)(1953)(chairman Eal Wijeyewardene)"
_9378137
245 0 _aReport
300 _a"iv, 175p."
_ccm.
490 _aIts sessional paper. 1
650 _aLand taxation
700 _a"Ceylon. Tenure of land of vihargam, dewalagam and nindagam(commission on-)(1953)(chairman Eal Wijeyewardene)"
_9378138
942 _h"X723.4498.N56t, GD"
_cCC
999 _c696635
_d696635